00902nab a22001577a 4500003000400000005001700004008004100021040000700062100002800069245009000097300001500187505035100202505007200553650001700625773010200642OSt20260107000225.0190514b xxu||||| |||| 00| 0 spa d cPJ aRoldan, Cinthia Vanesa 10aSalud mental y consumos : bcuando consumidores somos todxs /cCinthia Vanesa Roldan. ap. 125-136 aSumario: I. Introducción.— II. Desde dónde partimos.— III. ¿Qué nos dice el derecho sobre los consumos problemáticos?— IV. Algunas apreciaciones desde la sociología.— V. Tipos de consumo y su tratamiento en la Ley Plan IACOP.— VI. El anclaje social de las sustancias y los modelos de intervención.— VII. Palabras finales. tSi te interesa el texto, comunicate a koha@justierradelfuego.gov.ar 0aSALUD MENTAL0 02844dBuenos Aires : AbeledoPerrot, 1989-tDerecho de familia. N° 117 - Noviembre 2024z18511201